Comparison of AERMOD and ISCST3 Models for particulate emissions from ground level sources /

Bibliographic Details
Main Author: Botlaguduru, Venkata Sai V.
Other Authors: Parnell, Calvin B. (Thesis advisor)
Format: Thesis eBook
Language:English
Published: [College Station, Tex.] : [Texas A&M University], [2010]
Subjects:
Online Access:Link to OAK Trust copy

MARC

Tag First Indicator Second Indicator Subfields
LEADER 00000cam a2200000Ka 4500
001 in00002601708
005 20151201154952.0
006 m f d
007 cr unu||||||||
008 100902s2010 txu obm 000 0 eng d
035 |a (OCoLC)ocn660187973 
035 |a (OCoLC)660187973 
035 |a (TxCM)http://hdl.handle.net/1969.1/ETD-TAMU-2009-12-7600 
040 |a TXA  |c TXA  |d UtOrBLW 
049 |a TXAM 
099 |a 2009  |a Thesis  |a 1969.1/ETD-TAMU-2009-12-7600 
100 1 |a Botlaguduru, Venkata Sai V. 
245 1 0 |a Comparison of AERMOD and ISCST3 Models for particulate emissions from ground level sources /  |c by Venkata Sai Vamsi Botlaguduru. 
264 1 |a [College Station, Tex.] :  |b [Texas A&M University],  |c [2010] 
300 |a 1 online resource. 
336 |a text  |b txt  |2 rdacontent 
337 |a computer  |b c  |2 rdamedia 
338 |a online resource  |b cr  |2 rdacarrier 
500 |a "Major Subject: Biological and Agricultural Engineering" 
500 |a Title from author supplied metadata (automated record created 2010-08-20 08:31:34). 
502 |b Master of Science  |c Texas A&M University  |d 2009  |o http://hdl.handle.net/1969.1/ETD-TAMU-2009-12-7600 
504 |a Includes bibliographical references. 
516 |a Text (Thesis) 
520 3 |a Emission factors (EFs) and results from dispersion models are key components in the air pollution regulatory process. The EPA preferred regulatory model changed from ISCST3 to AERMOD in November, 2007. Emission factors are used in conjunction with dispersion models to predict 24-hour concentrations that are compared to National Ambient Air Quality Standards (NAAQS) for determining the required control systems in permitting sources. This change in regulatory models has had an impact on the regulatory process and the industries regulated. In this study, EFs were developed for regulated particulate matter PM10 and PM2.5 from cotton harvesting. Measured concentrations of TSP and PM10 along with meteorological data were used in conjunction with the dispersion models ISCST3 and AERMOD, to determine the emission fluxes from cotton harvesting. The goal of this research was to document differences in emission factors as a consequence of the models used. The PM10 EFs developed for two-row and six-row pickers were 154 + 43 kg/km2 and 425 + 178 kg/km2, respectively. From the comparison between AERMOD and ISCST3, it was observed that AERMOD EFs were 1.8 times higher than ISCST3 EFs for Emission factors (EFs) and results from dispersion models are key components in the air pollution regulatory process. The EPA preferred regulatory model changed from ISCST3 to AERMOD in November, 2007. Emission factors are used in conjunction with dispersion models to predict 24-hour concentrations that are compared to National Ambient Air Quality Standards (NAAQS) for determining the required control systems in permitting sources. This change in regulatory models has had an impact on the regulatory process and the industries regulated. In this study, EFs were developed for regulated particulate matter PM10 and PM2.5 from cotton harvesting. Measured concentrations of TSP and PM10 along with meteorological data were used in conjunction with the dispersion models ISCST3 and AERMOD, to determine the emission fluxes from cotton harvesting. The goal of this research was to document differences in emission factors as a consequence of the models used. The PM10 EFs developed for two-row and six-row pickers were 154 + 43 kg/km2 and 425 + 178 kg/km2, respectively. From the comparison between AERMOD and ISCST3, it was observed that AERMOD EFs were 1.8 times higher than ISCST3 EFs for absence of solar radiation. Using AERMOD predictions of pollutant concentrations off property for regulatory purposes will likely affect a source's ability to comply with limits set forth by State Air Pollution Regulatory Agencies (SAPRAs) and could lead to inappropriate regulation of the source. 
500 |a Electronic resource. 
650 4 |a Major Biological and Agricultural Engineering. 
653 |a agricultural emissions 
653 |a dispersion modeling 
653 |a particulate matter 
653 |a emission factors 
653 |a ISCST3 
653 |a AERMOD 
700 1 |a Parnell, Calvin B.,  |e thesis advisor. 
856 4 0 |u http://hdl.handle.net/1969.1/ETD-TAMU-2009-12-7600  |z Link to OAK Trust copy  |t 0 
948 |a cataloged  |b h  |c 2010/9/2  |d c  |e jolivare  |f 4:44:07 pm 
994 |a C0  |b TXA 
999 |a MARS 
999 f f |s 65484719-d65b-30c9-a689-3078ab93250e  |i 47fe5272-ad54-3fb0-b915-af952564ff63  |t 0 
952 f f |a Texas A&M University  |b College Station  |c Electronic Resources  |d Available Online  |t 0  |e 2009 Thesis 1969.1/ETD-TAMU-2009-12-7600  |h Other scheme 
998 f f |a 2009 Thesis 1969.1/ETD-TAMU-2009-12-7600  |t 0  |l Available Online